000 00775nam a2200217 a 4500
001 21705
003 CO-ViMGA
008 141112s2004 ck r 000 u spa d
020 _a9583502332
040 _aCO-ViMGA
_bspa
_cCO-ViMGA
082 0 4 _a345.05 C175
100 1 _aCarnelutti, Francesco
245 1 0 _aLas miserias del proceso penal
260 _aBogotá :
_bTemis,
_c1989
300 _a107
490 _aMonografías jurídicas; 55
505 _aEl preso 9 - - El juez y las partes 25 - - Las pruebas 43 - - La sentencia penal 71 - - La liberación 89
590 _aForma de adquisición : Donación fact. 8858 - - Precio : 8000 - - Proveedor : Fundación exito - - Fecha de adquisición : Junio 2007
650 1 4 _aPROCEDIMIENTO PENAL
_930980
942 _2ddc
_cBK
999 _c30268
_d30268